1498 1271 1013 1813 1986 1592 1629 1950 1788 1795 1275 1973 1045 1686 1771 1978 1391 1076 1209 1459 1950 1116 1360 1518 1813 1314 1981 1281 1386 1784 1169 1426 1009 1966 1391 1413 1475 1921 1594 1983 1751 1495 1584 1759 1743 1126 1303 1472 1054 1532 1862 1787 1475 1173 1145 1476 1453 1629 1747 1006 1930 1400 1685 1547 1309 1184 1024 1509 1679 1568 1838 1722 1015 1327 1738 1251 1466 1901 1523 1890 1527 1003 1046 1050 1195 1550 1663 1323 1622 1440 1985 1026 1342 1602 1375 1697 1567 1453 1214 BCNSPRNW ULIB Ver.6.0+V

เปลี่ยนเป็นภาษาไทย

Change to English
 แสดงรายละเอียดบรรณานุกรม
  กลับหน้าหลัก

Brief Record : Get Marc (ISO 2709) : E-mail record : QR code < ปิดหน้าต่าง
LEADER : 00000nam 2200000uu 4500
001    13399111598
003     ULIB
008    110627s||||||||th 000 0 tha d
020    9789742361566
090    นว.^bฉ519ว 2551
100 0  เฉียวอัน
245 00 วิวาห์พาฝัน/^cเฉียวอัน
250    พิมพ์ครั้งที่ 1
260    กรุงเทพฯ :^bแจ่มใส,^c2551
300    196 หน้า
945    ^p149^l0^i024491
995    ทศพร
999 ^a ใช้งานได้ทุกระบบ
รายการนี้ยังไม่มีแท็ก
คุณยังไม่ได้ล็อกอิน คุณสามารถมีกิจกรรมร่วมกับเว็บไซต์ได้ แต่ต้องล็อกอินก่อน ::
  ล็อกอิน

รายการสื่อสารสนเทศ

ลำดับที่ ประเภท เลขเรียก/บาร์โค้ด สถานที่ สถานะ
- ไม่พบข้อมูล -

รายการใกล้เคียง
    ผู้แต่ง [เฉียวอัน]

BibComment


ยังไม่เคยถูกคอมเมนท์

คอมเมนท์ทรัพยากรรายการนี้
  คอมเมนท์: วิวาห์พาฝัน เฉียว..


 Copyright 2026. Bcnsprnw @Library